Tribhuvan University Central Library

Literary constructs of the self: (Record no. 99037)

MARC details
000 -LEADER
fixed length control field 00557nam a22001937a 4500
008 - FIXED-LENGTH DATA ELEMENTS--GENERAL INFORMATION
fixed length control field 210325b xxu||||| |||| 00| 0 eng d
020 ## - INTERNATIONAL STANDARD BOOK NUMBER
International Standard Book Number 8131603083
082 ## - DEWEY DECIMAL CLASSIFICATION NUMBER
Classification number 820.9/G959l
100 ## - MAIN ENTRY--PERSONAL NAME
Personal name Gupta, Santosh , edi.
245 ## - TITLE STATEMENT
Title Literary constructs of the self:
Remainder of title Socio-cultural contexts
260 ## - PUBLICATION, DISTRIBUTION, ETC.
Place of publication, distribution, etc. Jaipur:
Name of publisher, distributor, etc. Rawat Publication,
Date of publication, distribution, etc. 2010.
300 ## - PHYSICAL DESCRIPTION
Extent 232p.
504 ## - BIBLIOGRAPHY, ETC. NOTE
Bibliography, etc. note Bibliography at the end of each chapter.
650 ## - SUBJECT ADDED ENTRY--TOPICAL TERM
Topical term or geographic name entry element English literature
650 ## - SUBJECT ADDED ENTRY--TOPICAL TERM
Topical term or geographic name entry element Selfine literature
650 ## - SUBJECT ADDED ENTRY--TOPICAL TERM
Topical term or geographic name entry element Modern
700 ## - ADDED ENTRY--PERSONAL NAME
Personal name Nanda, Mini edi.
942 ## - ADDED ENTRY ELEMENTS (KOHA)
Source of classification or shelving scheme Dewey Decimal Classification
Koha item type General Collections
Holdings
Withdrawn status Lost status Source of classification or shelving scheme Damaged status Not for loan Home library Current library Shelving location Date acquired Total Checkouts Full call number Barcode Date last seen Price effective from Koha item type
    Dewey Decimal Classification     Tribhuvan University Central Library Tribhuvan University Central Library New Building 03/25/2021   820.9/G959l 162958 03/25/2021 03/25/2021 General Collections
    Dewey Decimal Classification     Tribhuvan University Central Library Tribhuvan University Central Library New Building 03/25/2021   820.9/G959l 162959 03/25/2021 03/25/2021 General Collections
    Dewey Decimal Classification     Tribhuvan University Central Library Tribhuvan University Central Library New Building 03/21/2022   820.9/G959l 153647 03/21/2022 03/21/2022 General Collections